LEADER 01696nam0 2200385 450 001 000039828 005 20150119163942.0 010 $a978-88-17-11624-4 100 $a20141209d2013----km-y0itaa50------ba 101 1 $aita 102 $aIT 200 1 $aMitologia degli alberi$edal giardino dell'Eden al legno della Croce$fJacques Brosse 205 $a11. ed 210 $aMilano$cRizzoli$d2013 215 $a313 p.$d20 cm 225 2 $aBUR$iSaggi 300 $aTraduzione di Gioia Angiolillo Zannino 410 0$12001$aBUR$iSaggi 454 1$12001$aMythologie des arbres$928581 606 1 $aAlberi$xMiti 676 $a291.212$v(22. ed.)$9Religione comparata. Natura 700 1$aBrosse,$bJacques$033887 801 0$aIT$bUniversità della Basilicata - B.I.A.$gREICAT$2unimarc 912 $a000039828 996 $aMythologie des arbres$928581 997 $aUNIBAS BAS $aLETTERE CAT $aEXT017$b01$c20141209$lBAS01$h1201 CAT $aMDL$b30$c20150119$lBAS01$h1639 FMT Z30 -1$lBAS01$LBAS01$mBOOK$1BASA4$APolo di Matera$2DID$BDidattica$6112543$5T114543$712. ed. 2015$820160606$f04$FPrestabile Didattica Z30 -1$lBAS01$LBAS01$mBOOK$1BASA4$APolo di Matera$2DID$BDidattica$6113010$5L113010$711. ed. 2013$820141209$f98$FConsultazione Z30 -1$lBAS01$LBAS01$mBOOK$1BASA4$APolo di Matera$2DID$BDidattica$6114540$5T114540$712. ed. 2015$820160606$f04$FPrestabile Didattica Z30 -1$lBAS01$LBAS01$mBOOK$1BASA4$APolo di Matera$2DID$BDidattica$6114541$5T114541$712. ed. 2015$820160606$f04$FPrestabile Didattica Z30 -1$lBAS01$LBAS01$mBOOK$1BASA4$APolo di Matera$2DID$BDidattica$6114542$5T114542$712. ed. 2015$820160606$f04$FPrestabile Didattica LEADER 01863nas 2200601-a 450 001 996197569403316 005 20231101180338.0 011 $a1466-8238 035 $a(CKB)110975506072241 035 $a(CONSER)---00242275- 035 $a(OCoLC)51300804 035 $a(EXLCZ)99110975506072241 100 $a20001025a19999999 s-- - 101 0 $aeng 135 $aurmn||||||||| 181 $ctxt$2rdacontent 182 $cc$2rdamedia 183 $acr$2rdacarrier 200 10$aGlobal ecology & biogeography 210 $a[Oxford, England] $cBlackwell Science$d1999- 300 $aRefereed/Peer-reviewed 300 $aTitle from contents screen (Blackwell, viewed Jan. 22, 2004). 311 $a1466-822X 517 3 $aGlobal ecology and biogeography 531 $aGLOBAL ECOL BIOGEOGR 531 $aGLOB. ECOL. BIOGEOGR 606 $aEcology$vPeriodicals 606 $aBiogeography$vPeriodicals 606 $aBiodiversity$vPeriodicals 606 $aMacroevolution$vPeriodicals 606 $aEcology$2ebps 606 $aBiogeography$2ebps 606 $aBiodiversity$2fast$3(OCoLC)fst01429860 606 $aBiogeography$2fast$3(OCoLC)fst00832095 606 $aEcology$2fast$3(OCoLC)fst00901476 606 $aMacroevolution$2fast$3(OCoLC)fst01005237 608 $aPeriodicals.$2fast 608 $aPériodique électronique (Descripteur de forme)$2rasuqam 608 $aRessource Internet (Descripteur de forme)$2rasuqam 615 0$aEcology 615 0$aBiogeography 615 0$aBiodiversity 615 0$aMacroevolution 615 7$aEcology. 615 7$aBiogeography. 615 7$aBiodiversity. 615 7$aBiogeography. 615 7$aEcology. 615 7$aMacroevolution. 906 $aJOURNAL 912 $a996197569403316 996 $aGlobal ecology & biogeography$92004855 997 $aUNISA LEADER 03541nam 22005175 450 001 9910300005603321 005 20250609110105.0 010 $a9783319600987 010 $a3319600982 024 7 $a10.1007/978-3-319-60098-7 035 $a(CKB)4100000001382213 035 $a(DE-He213)978-3-319-60098-7 035 $a(MiAaPQ)EBC5199625 035 $a(Perlego)3493562 035 $a(MiAaPQ)EBC6237350 035 $a(EXLCZ)994100000001382213 100 $a20171215d2018 u| 0 101 0 $aeng 135 $aurnn|008mamaa 181 $ctxt$2rdacontent 182 $cc$2rdamedia 183 $acr$2rdacarrier 200 10$aAfter Marriage in the Long Eighteenth Century $eLiterature, Law and Society /$fedited by Jenny DiPlacidi, Karl Leydecker 205 $a1st ed. 2018. 210 1$aCham :$cSpringer International Publishing :$cImprint: Palgrave Macmillan,$d2018. 215 $a1 online resource (XIV, 214 p. 9 illus.) 300 $aIncludes index. 311 08$a9783319600970 311 08$a3319600974 327 $a1. Jenny DiPlacidi: After Marriage in the Long Eighteenth Century: Introduction -- 2. Rebecca Probert: Undoing the Marriage: the Resort to Annulment -- 3. Joanne Begiato: Bearing Grudges: Marital Conflict and the Inter-Generational Family -- 4.James Fowler: Handsome, Gallant, Gentle, Rich: Before and After Marriage in the Tales of Charles Perrault -- 5.Robin Runia: 'Knights of Matrimony', Christian Duty and Millenium Hall -- 6. Jennie Batchelor: 'Be but a little deaf and blind,/ And happiness you'll surely find': Marriage in the Women's Magazine -- 7.Heather Carroll: The Making and Breaking of Wedlock: Visualising Jane, Duchess of Gordon after marriage' -- 8. Jenny DiPlacidi: Rearticulating the Economics of Exchange: Incest and After Marriage in the Gothic -- 9. Chris Roulston: Marriage and Its Queer Identification in the Anne Lister Diaries. 330 $aThis book examines the intersections between the ways that marriage was represented in eighteenth-century writing and art, experienced in society, and regulated by law. The interdisciplinary and comparative essays explore the marital experience beyond the 'matrimonial barrier' to encompass representations of married life including issues of spousal abuse, parenting, incest, infidelity and the period after the end of marriage, to include annulment, widowhood and divorce. The chapters range from these focuses on legal and social histories of marriage to treatments of marriage in eighteenth-century periodicals, to depictions of married couples and families in eighteenth-century art, to parallels in French literature and diaries, to representations of violence and marriage in Gothic novels, and to surveys of same-sex partnerships. The volume is aimed towards students and scholars working in the long eighteenth century, gender studies, women's writing, publishing history, and art and legalhistorians. 606 $aLiterature, Modern$y18th century 606 $aFiction 606 $aEighteenth-Century Literature 606 $aFiction Literature 615 0$aLiterature, Modern 615 0$aFiction. 615 14$aEighteenth-Century Literature. 615 24$aFiction Literature. 676 $a809.033 702 $aDiPlacidi$b Jenny$4edt$4http://id.loc.gov/vocabulary/relators/edt 702 $aLeydecker$b Karl$4edt$4http://id.loc.gov/vocabulary/relators/edt 906 $aBOOK 912 $a9910300005603321 996 $aAfter Marriage in the Long Eighteenth Century$91910300 997 $aUNINA